Color the Police Car - Statistics

General Stats
  • This quiz has been taken 32 times
  • The average score is 5 of 12
Answers on the Map
Answers color-coded by a green-red scale on the quiz's map according to % correct below.
 
Answer Stats
Answer % Correct
window
77%
door
68%
tires
64%
tires
64%
siren
59%
body
41%
rims
41%
rims
41%
headlight
23%
light bar
9%
guards
0%
spotlight
0%
No matching quizzes found
Score Distribution
Percent of People with Each Score
Percentile by Number Answered
Your Score History
You have not taken this quiz